000 00727nam a2200265 a 4500
001 72538
003 BD-RjUL
005 20211209082256.0
008 170520s1978 fr i001 0 eng
020 _a9231015680
035 _a(BD-RjUL)72756
040 _aDLC
_cDLC
_dm/c
_dBD-RjUL
_beng
041 _aeng
082 _a174.9574
_223
_bRIB 1978
100 1 _aRibes, Bruno.
_9214566
245 1 0 _aBiology and ethics :
_breflections inspired by a Unesco symposium /
_cby Bruno Ribes
260 _aParis :
_bUnesco,
_c1978
300 _a202 p. ;
_c24 cm
490 _aInsights
650 0 _aBioethics
_9200900
650 0 _aMedical ethics
_9138947
830 0 _aInsights
_9214567
942 _2ddc
_cBK
999 _c72538
_d72538